| 000 | 00637nam a2200205Ia 4500 | ||
|---|---|---|---|
| 008 | 151119s9999||||xx |||||||||||||| ||und|| | ||
| 082 | _a927.915 | ||
| 082 | _bGKKV29891 | ||
| 100 | _a"वडनेरकर, प्रीती" | ||
| 245 | _aमायाबाजार | ||
| 260 | _aपुणे | ||
| 260 | _bश्री विद्या प्रकाशन | ||
| 260 | _c2009 | ||
| 300 | _a257p. | ||
| 600 | _a"वडनेरकर, प्रीती" | ||
| 630 | _aमायाबाजार | ||
| 700 | _a"वडनेरकर, प्रीती" | ||
| 730 | _aमायाबाजार | ||
| 942 | _cBOOK | ||
| 999 |
_c1082237 _d1082234 |
||